| 000 | 01036nam a22002417a 4500 | ||
|---|---|---|---|
| 005 | 20180803165629.0 | ||
| 008 | 150122b1998 ck |||||r|||| 00| 0 spa d | ||
| 040 |
_aCO-BoIAVH _cCO-BoIAVH |
||
| 041 | _aspa | ||
| 044 | _ack | ||
| 090 | _aMC | ||
| 100 | 1 |
_aEtter R. Andrés _910765 |
|
| 245 | 1 | 0 |
_aMapa general de ecosistemas de Colombia del año 1998: _bEscala 1:2.000.000. _h[material cartográfico] |
| 260 |
_aBogotá: _bInstituto de Investigación de Recursos Biológicos Alexander von Humboldt, _c1998. |
||
| 300 |
_a1 mapa _bcol. _c70 x 130 cm. |
||
| 500 | _aInforme nacional sobre el estado de la biodiversidad 1998. Escala 1:2.000.000. | ||
| 650 | 4 |
_aEcosistemas _v Mapas. _zColombia _932005 |
|
| 650 | 4 |
_aBiodiversidad _992204 |
|
| 700 | 1 |
_aSarmiento, Armando _eeditor _913368 |
|
| 700 | 1 |
_aTobbler, Alexandr _ecompiladora _932004 |
|
| 773 | 0 |
_aRomero Ruz̕, Milton _dBogot:̀ Instituto de Investigacin̤ de Recursos Biolg̤icos Alexander von Humboldt; 2004. _tEcosistemas de la Cuenca del Orinoco colombiano / |
|
| 942 |
_2z _cMapa |
||
| 999 |
_c9041 _d9041 |
||